|
|
|
|
| LEADER |
00000nab a2200000 a 4500 |
| 001 |
vtls010170556 |
| 003 |
SK-MaSNL |
| 005 |
20260304161654.0 |
| 008 |
250507|2010 xo |||||||||||||| b|slo |
| 015 |
|
|
|a SNBRA2010/09
|2 snkbucl
|
| 035 |
|
|
|a (uuid)61946fa7-0d58-42bb-a057-a301a3baee28
|
| 035 |
|
|
|a urn:nbn:sk:snk-ab16xs
|
| 035 |
|
|
|a (urnnbn)urn:nbn:sk:snk:ar-004xrx
|
| 038 |
|
|
|a SNKBUCL
|
| 040 |
|
|
|a SNKBUCL
|b slo
|c SNKBUCL
|e AACR2
|
| 041 |
0 |
|
|a slo
|
| 044 |
|
|
|a xo
|c SK
|
| 080 |
|
|
|a 94(569.4-076)"1973"
|2 2001
|
| 100 |
1 |
|
|a Michaľák, Tomáš,
|d 1981-
|4 aut
|9 54370
|
| 245 |
1 |
0 |
|a Triumf a porážka
|b októbrová vojna v roku 1973
|c Tomáš Michaľák
|
| 300 |
|
|
|b Fotogr., mapa
|
| 648 |
|
7 |
|a 1973
|2 snkbucl
|9 282428
|
| 650 |
0 |
7 |
|a arabsko-izraelská vojna (1973)
|2 snkbucl
|9 4792
|
| 650 |
0 |
7 |
|a arabsko-izraelské konflikty
|2 snkbucl
|9 4758
|
| 650 |
0 |
7 |
|a arabsko-izraelské vojny
|2 snkbucl
|9 4790
|
| 655 |
|
7 |
|a štúdie
|2 snkbucl
|9 57033
|
| 773 |
0 |
|
|t Historická revue
|g Roč. XXI, č. 9 (2010), s. 71-77
|x 1335-6550
|
| 850 |
|
|
|a Slovenská národná knižnica
|
| 852 |
|
|
|a Slovenská národná knižnica
|
| 954 |
|
|
|a odborná, vedecká literatúra pôvodná (slovenská)
|2 lita
|
| 958 |
|
|
|a article27
|
| 958 |
|
|
|a OND
|
| 958 |
|
|
|a EUIPO
|
| 999 |
|
|
|c 2971908
|d 2973838
|